000 00934nas a2200313 4500
001 BR0200475
003 BR-BrBNA
005 20231205102643.0
007 ta
008 230509b bl.|||p| |||| 00| 00por d
040 _aBR-BrBNA
_bpor
_cBiblioteca Nacional de Agricultura
041 _a(Pt)
072 _aL51; Q54
100 1 _aAndrade, J.B.
100 1 _aFerrari Júnior, E.
100 1 _aBraun, G.
245 1 _aValor nutritivo da silagem de cana-de-açúcar tratada com uréia e acrescida de rolão-de-milho
650 _aOVELHA
650 _aCANA DE AÇÚCAR
650 _aSILAGEM
650 _aDIGESTIBILIDADE
650 _aVALOR NUTRITIVO
650 _aQUALIDADE
650 _aFUBÁ
650 _aNUTRIÇÃO ANIMAL
773 0 _tPesquisa Agropecuária Brasileira (Brazil)
_xISSN 0100-204X
_g(Sep 2001), v. 36(9) p. 1169-1174
_wBR0200475
909 _a202311
_bLúcia
_c55
_dLúcia Elande
942 _2AGRIS
_n0
_cANA
999 _c168640
_d168640